000 00654nam a2200181 i 4500
001 87380
003 ES-MaACL
007 t|
008 041221s1969 ddr ||||1| ger d
100 1 _aKohout, Pavel.
_968494
245 1 0 _aAus dem tagebuch eines Konter-Revolutionèars /
_cPavel Kohout ; mit graphiken von pravoslav Sovák ; aus dem tschechischen von Gustav Solar und Felix R. Bosonnet.
260 _aLuzern ;
_aFrankfurt :
_bC.J. Bucher,
_c[1969]
300 _a289 p. :
_bil. ;
_c23 cm.
700 1 _aSovák, Pravoslav.
_9107611
700 1 _aSolar, Gustav.
_9107096
700 1 _aBossonet, Felix R.
_930720
852 _aES-MaACL
_jG-13309
_bR.114138
999 _c87380
_d87380